Phát triển văn hóa học đường tại Trường Đại học Công nghiệp Tp. Hồ Chí Minh : Báo cáo tổng kết đề tài nghiên cứu Khoa học cấp trường

Guardat en:
Dades bibliogràfiques
Autor principal: Biền, Quốc Thắng
Format: Đề tài khoa học
Idioma:Undetermined
Publicat: Trường Đại học Công nghiệp Tp. Hồ Chí Minh 2018
Matèries:
Etiquetes: Afegir etiqueta
Sense etiquetes, Sigues el primer a etiquetar aquest registre!
Thư viện lưu trữ: Trung tâm Thư viện - Trường Đại học Công nghiệp TP. Hồ Chí Minh
LEADER 00787nam a2200157Ia 4500
001 UIH_00658
008 230809s9999 xx 000 0 und d
082 |a 378.1 
100 |a Biền, Quốc Thắng 
245 0 |a Phát triển văn hóa học đường tại Trường Đại học Công nghiệp Tp. Hồ Chí Minh : Báo cáo tổng kết đề tài nghiên cứu Khoa học cấp trường 
245 0 |c Biền, Quốc Thắng 
260 |b Trường Đại học Công nghiệp Tp. Hồ Chí Minh 
260 |c 2018 
650 |a Văn hóa ứng xử;Trường Đại học và Cao đẳng; 
927 |a Đề tài khoa học 
980 |a Trung tâm Thư viện - Trường Đại học Công nghiệp TP. Hồ Chí Minh